00640nam a2200205Ia 450000500170000000800410001702000150005808200180007324500640009126000450015530000120020065000150021265000120022765000140023970000290025370000370028294200060031995200940032599900150041920250312040702.0240331s9999 xx 000 0 und d a0706952987 a301bVAN2968 4aThe Vanishing Aborigines:bSri Lanka's Veddas in Transition aNew Delhi,bVikas Publishing Housec1990 a176 p., aAborigines aHistory aReligion  aDharmadasa, K. N. Oeedt aSamarasinghe, S. W. R. de Aeedt cL 001040708LaWERCLbWERCLcSSCd2024-03-31l0o 301 VANp968r2024-03-31w2024-03-31yL c1048d1048